000 00916nam a2200253Ia 4500
003 OSt
005 20220918110811.0
006 a|||||r|||| 00| 0
007 ta
008 220915b |||||||| |||| 00| 0 hin d
024 _a208170
037 _cReference Collections
040 _aARTS
_cARTS
_bhin
041 _2hin
_ahin
082 _aP152:4k, M9;N3(RR)
100 _aतिवारी, भोला नाथ
_99193
245 0 _aहिन्दी का अनुकरणात्मक शब्दकोश
246 _aHindī kā anukaraṇātmak shabdakosha
260 _aदिल्ली
_bसाहित्य सहकार
_c1989
300 _a335पृ0
700 _a पूर्ण सिंह
_91897
942 _hP152:4k, M9;N3(RR)
_cREF
999 _c114857
_d114857